000 00724nam a22002297a 4500
999 _c9864
_d9864
001 9864
003 OSt
005 20180529114949.0
008 180402b1978 bg ||||| |||| 00| 0 ben d
035 _a(BD-JhCC)9864
040 _aBD-JhCC
_dBD-JhCC
041 _aben
082 _a590.12
_bYUN 1978
100 _aইউনুস, ডক্টর আলী মোহাম্মদ
245 _aউদ্ভিদের শ্রেণীবিন্যাস /
_cডক্টর আলী মোহাম্মদ ইউনুস
260 _aঢাকা :
_bবাংলা একাডেমী
_c1978.
300 _a505 p. :
_c21 cm.
650 _aPlants
650 _aAnimals
942 _2ddc
_cBK